| 000 | 01395ngm a22003730a 4500 | ||
|---|---|---|---|
| 001 | PT35636 | ||
| 003 | AR-LpoUNG | ||
| 005 | 20210202000447.0 | ||
| 007 | vd cvaizq | ||
| 008 | 191001s1987||||ag |||||||||||||||||spa d | ||
| 037 | _c$11,25 | ||
| 040 |
_aAR-LpoUNG _bspa _cAR-LpoUNG _eaacr |
||
| 041 | _aspa | ||
| 044 | _aag | ||
| 082 | 0 | _a982.064 18jua | |
| 100 | 1 |
_aEcheverría, Carlos _edir. |
|
| 245 | 1 | 0 |
_aJuan : _bcomo si nada hubiera sucedido |
| 260 |
_aBuenos Aires : _bBlackman, _c1987. |
||
| 300 | _aDVD (165 min.) : son., byn | ||
| 505 | 0 | _aCon textos de: Osvaldo Bayer y Carlos Echeverría. | |
| 520 | _aPelícula nunca estrenada en cines. El periodista Esteban Buch sale en busca de Jua Marcos Hermán desaparecido el 16 de julio de 1977, estudiante de Derecho, de veintidós años que fue secuestrado por un comando militar en la ciudad argentina de San Carlos de Bariloche en la provincia de Río Negro, desde entonces continúa desaparecido, es el único desaparecido político de la ciudad de San Carlos de Bariloche durante la dictadura argentina. | ||
| 650 | 4 | _aANALISIS HISTORICO | |
| 650 | 4 | _aARGENTINA | |
| 650 | 4 | _aDERECHOS HUMANOS | |
| 650 | 4 | _aDICTADURA | |
| 650 | 4 | _aGOBIERNO MILITAR | |
| 650 | 4 | _aHISTORIA | |
| 651 | 4 | _aArgentina | |
| 653 | _aCINE ARGENTINO | ||
| 653 | _aDOCUMENTALES | ||
| 653 | _aVIDEOS | ||
| 905 | _a35636 | ||
| 942 | _cDVD | ||
| 999 |
_c54899 _d54899 |
||